[Event "Aragon-chT Honor Descenso"]
[Site "Aragon"]
[Date "2023.04.01"]
[Round "10.23"]
[White "Fuentes Espuna, Juan Antonio"]
[Black "Sacristan Latorre, Alberto"]
[Result "0-1"]
[WhiteElo "1914"]
[BlackElo "2100"]
[PlyCount "126"]
[EventDate "2023.03.18"]
[EventType "team-tourn"]
[EventRounds "10"]
[EventCountry "ESP"]
[SourceTitle "EXT 2024"]
[Source "ChessBase"]
[SourceDate "2023.10.10"]
[SourceVersion "1"]
[SourceVersionDate "2023.10.10"]
[SourceQuality "1"]
[WhiteTeam "La Aurora Estadilla"]
[BlackTeam "Palacio de Pioneros II"]
[WhiteTeamCountry "ESP"]
[BlackTeamCountry "ESP"]

1. e4 c5 2. Bc4 Nc6 3. Nc3 g6 4. d3 Bg7 5. Be3 Nd4 6. f4 e6 7. Nf3 Ne7 8. 0-0 d5 9. Bb5+ Nxb5 10. Nxb5 a6 11. Bxc5 axb5 12. e5 Nf5 13. Qe1 Qc7 14. Qf2 h5 15. c3 Bd7 16. a3 Rc8 17. Bb4 Bf8 18. h3 Bxb4 19. axb4 h4 20. Ra3 Kf8 21. Rfa1 Kg7 22. Nd4 Nxd4 23. Qxd4 Bc6 24. Kh2 Qe7 25. Qf2 d4 26. Qxd4 Rcd8 27. Qe3 Qd7 28. Rd1 Qd5 29. Qe2 Rh5 30. Raa1 Rdh8 31. Rf1 Rf5 32. Rad1 Rf8 33. c4 Qd4 34. Qf2 Qxf2 35. Rxf2 Rd8 36. b3 Rd4 37. g3 hxg3+ 38. Kxg3 g5 39. fxg5 Rxg5+ 40. Kh2 Rxe5 41. Rg1+ Kf8 42. Rd2 bxc4 43. bxc4 b5 44. Rg4 Rd7 45. c5 Red5 46. Rh4 Rxd3 47. Rxd3 Rxd3 48. Rh8+ Ke7 49. Rc8 Bd7 50. Rb8 Rb3 51. Rb7 Ke8 52. Rb8+ Ke7 53. Rb7 Kd8 54. h4 Rxb4 55. Kg3 e5 56. h5 f6 57. Rb6 Rg4+ 58. Kf3 Rh4 59. Rxf6 Rxh5 60. Ke4 Kc7 61. Ra6 Bc6+ 62. Ke3 Rh3+ 63. Ke2 Rc3 0-1

[Event "Aragon-chT Honor Descenso"]
[Site "Aragon"]
[Date "2023.03.18"]
[Round "8.30"]
[White "Fuentes Espuna, Juan Antonio"]
[Black "Aribau Rivas, Miguel Angel"]
[Result "0-1"]
[WhiteElo "1914"]
[BlackElo "2036"]
[PlyCount "74"]
[EventDate "2023.03.18"]
[EventType "team-tourn"]
[EventRounds "10"]
[EventCountry "ESP"]
[SourceTitle "EXT 2024"]
[Source "ChessBase"]
[SourceDate "2023.10.10"]
[SourceVersion "1"]
[SourceVersionDate "2023.10.10"]
[SourceQuality "1"]
[WhiteTeam "La Aurora Estadilla"]
[BlackTeam "Fraga"]
[WhiteTeamCountry "ESP"]
[BlackTeamCountry "ESP"]

1. d4 Nf6 2. c4 e6 3. Nf3 b6 4. Bg5 Bb7 5. Nc3 h6 6. Bd2 c5 7. e3 Be7 8. Bd3 0-0 9. a3 cxd4 10. exd4 d5 11. cxd5 Nxd5 12. 0-0 Nc6 13. Nxd5 Qxd5 14. Bc3 Bf6 15. Bc2 Rfd8 16. Qd3 g6 17. Rad1 Qh5 18. Qe3 Ne7 19. Be4 Nd5 20. Bxd5 Bxd5 21. Ne5 Rac8 22. f4 Qf5 23. Rde1 h5 24. h3 h4 25. Ng4 Bg7 26. Qf2 Qh5 27. Re5 f5 28. Rfe1 Qh7 29. Ne3 Bxe5 30. fxe5 Rc7 31. Qf4 Qh5 32. Bb4 g5 33. Qf2 Rf7 34. Nxd5 Rxd5 35. Bd6 g4 36. Qe3 gxh3 37. Qc3 Qg4 0-1

[Event "Aragon-chT Honor Descenso"]
[Site "Aragon"]
[Date "2021.05.15"]
[Round "8.30"]
[White "Fuentes Espuna, Juan Antonio"]
[Black "Laplaza Ara, Carlos"]
[Result "1/2-1/2"]
[WhiteElo "1977"]
[BlackElo "1928"]
[PlyCount "69"]
[EventDate "2021.05.15"]
[EventType "team-tourn"]
[EventRounds "10"]
[EventCountry "ESP"]
[SourceTitle "EXT 2024"]
[Source "ChessBase"]
[SourceDate "2023.10.10"]
[SourceVersion "1"]
[SourceVersionDate "2023.10.10"]
[SourceQuality "1"]
[WhiteTeam "La Aurora Estadilla"]
[BlackTeam "Huesca Club Atletismo"]
[WhiteTeamCountry "ESP"]
[BlackTeamCountry "ESP"]

1. d4 d5 2. Nf3 Nf6 3. Bg5 e6 4. e3 Be7 5. Bd3 0-0 6. 0-0 c5 7. c3 b6 8. Nbd2 Bb7 9. Ne5 Ne4 10. Bxe7 Qxe7 11. f4 f6 12. Nef3 Nxd2 13. Qxd2 Ba6 14. Rae1 Bxd3 15. Qxd3 c4 16. Qd1 f5 17. Rf2 Nd7 18. h3 Nf6 19. Ne5 Ne4 20. Rf3 Qh4 21. Qe2 g6 22. Kh2 Qe7 23. g4 Kh8 24. Rg1 Rg8 25. Qe1 Raf8 26. h4 fxg4 27. Nxg4 Nf6 28. Ne5 Ne4 29. Rh3 Rf5 30. Rg2 Rh5 31. Nf3 Rf5 32. Qe2 b5 33. Kg1 Rg7 34. Ne5 a6 35. Nf3 1/2-1/2

[Event "Aragon-chT Honor Gr II"]
[Site "Aragon"]
[Date "2021.04.17"]
[Round "5.10"]
[White "Fuentes Espuna, Juan Antonio"]
[Black "Vela Frago, Alberto"]
[Result "0-1"]
[WhiteElo "1977"]
[BlackElo "2065"]
[PlyCount "131"]
[EventDate "2021.03.13"]
[EventType "team-tourn"]
[EventRounds "7"]
[EventCountry "ESP"]
[SourceTitle "EXT 2024"]
[Source "ChessBase"]
[SourceDate "2023.10.10"]
[SourceVersion "1"]
[SourceVersionDate "2023.10.10"]
[SourceQuality "1"]
[WhiteTeam "La Aurora Estadilla"]
[BlackTeam "Casablanca MyInvestor"]
[WhiteTeamCountry "ESP"]
[BlackTeamCountry "ESP"]

1. d4 Nf6 2. Nc3 d5 3. Bg5 g6 4. e3 Bg7 5. Bd3 c6 6. Nf3 Nbd7 7. h4 b6 8. e4 dxe4 9. Nxe4 h6 10. Bd2 Bb7 11. Qe2 Nxe4 12. Bxe4 Qc7 13. 0-0-0 0-0-0 14. Qc4 e6 15. g3 b5 16. Qb3 Nf6 17. Bf4 Qa5 18. Bd3 Nd5 19. Be5 f6 20. Bf4 g5 21. Bd2 Qb6 22. Rhe1 Kd7 23. Re2 a5 24. c4 bxc4 25. Qxc4 Rb8 26. Bc3 Ra8 27. Qc5 Ba6 28. Qxb6 Nxb6 29. Bxa6 Rxa6 30. Rde1 Re8 31. hxg5 hxg5 32. Nd2 Bf8 33. Rh1 Raa8 34. Ne4 Nd5 35. Rh7+ Kc8 36. Rf7 Be7 37. Nc5 Bxc5 38. dxc5 e5 39. Kc2 a4 40. Re4 Kd8 41. Kd3 Re7 42. Rf8+ Re8 43. Rxe8+ Kxe8 44. Bd2 Kd7 45. f4 exf4 46. gxf4 g4 47. Be1 a3 48. b3 Rh8 49. Ra4 Rh1 50. Ra7+ Ke6 51. Bd2 Ne7 52. Ke4 Rh2 53. Bb4 f5+ 54. Kd3 Nd5 55. Bd2 g3 56. Rg7 Nf6 57. Rxg3 Rxd2+ 58. Kc4 Rxa2 59. b4 Ra1 60. Rd3 Ne4 61. Kb3 a2 62. Rh3 Rb1+ 63. Kxa2 Rxb4 64. Rh6+ Kd5 65. Rh5 Ke6 66. Ka3 0-1

[Event "Aragon-chT Honor Gr-II"]
[Site "Aragon"]
[Date "2020.02.22"]
[Round "5.19"]
[White "Moreno Martin Viveros, Alvaro"]
[Black "Fuentes Espuna, Juan Antonio"]
[Result "0-1"]
[WhiteElo "2160"]
[BlackElo "1963"]
[PlyCount "139"]
[EventDate "2020.01.25"]
[EventType "team-tourn"]
[EventRounds "7"]
[EventCountry "ESP"]
[SourceTitle "EXT 2022"]
[Source "ChessBase"]
[SourceDate "2021.10.06"]
[SourceVersion "1"]
[SourceVersionDate "2021.10.06"]
[SourceQuality "1"]
[WhiteTeam "Agrupacion"]
[BlackTeam "La Aurora Estadilla"]
[WhiteTeamCountry "ESP"]
[BlackTeamCountry "ESP"]

1. d4 Nf6 2. Nf3 g6 3. Nc3 Bg7 4. e4 d6 5. Be2 0-0 6. 0-0 Bg4 7. Be3 Nc6 8. d5 Bxf3 9. Bxf3 Ne5 10. Be2 c5 11. f4 Ned7 12. a4 a6 13. Qd3 Rc8 14. Qc4 Qc7 15. a5 Rfe8 16. Bf3 Ra8 17. Bf2 Reb8 18. Qe2 b5 19. axb6 Rxb6 20. e5 Ne8 21. e6 Nf8 22. exf7+ Kxf7 23. Ne4 Rab8 24. Ng5+ Kg8 25. Bg4 Bxb2 26. Rxa6 Rxa6 27. Qxa6 Nf6 28. Qe2 Nxg4 29. Qxg4 Qc8 30. Ne6 Nxe6 31. dxe6 Qf8 32. Bh4 Bd4+ 33. Kh1 Rb4 34. Qe2 Bf6 35. Be1 Rb2 36. f5 Kh8 37. fxg6 hxg6 38. Qd3 Kg7 39. Bc3 Rb6 40. Bxf6+ exf6 41. Qc3 Qd8 42. Re1 Qe7 43. Qd2 Rb4 44. c3 Rg4 45. Qa2 Rg5 46. Qa6 Re5 47. Rxe5 fxe5 48. Qc8 Kf6 49. h4 e4 50. Kg1 Qxe6 51. Qh8+ Kf5 52. Qh6 e3 53. Qf8+ Ke4 54. Qf1 Qf5 55. Qc4+ Ke5 56. Qe2 Qb1+ 57. Kh2 Qe4 58. g3 d5 59. Qb5 Qc2+ 60. Kh3 Qf5+ 61. Kh2 Qf2+ 62. Kh3 Qf5+ 63. Kg2 c4 64. Qe8+ Qe6 65. Qh8+ Kf5 66. Qb8 Qe4+ 67. Kh2 Qf3 68. Qb1+ Ke5 69. Qb8+ Ke4 70. Qh8 0-1

[Event "Aragon-chT Honor Gr-II"]
[Site "Aragon"]
[Date "2020.01.25"]
[Round "1.32"]
[White "Fuentes Espuna, Juan Antonio"]
[Black "Dan, Teodor"]
[Result "0-1"]
[WhiteElo "1963"]
[BlackElo "2094"]
[PlyCount "94"]
[EventDate "2020.01.25"]
[EventType "team-tourn"]
[EventRounds "7"]
[EventCountry "ESP"]
[SourceTitle "EXT 2022"]
[Source "ChessBase"]
[SourceDate "2021.10.06"]
[SourceVersion "1"]
[SourceVersionDate "2021.10.06"]
[SourceQuality "1"]
[WhiteTeam "La Aurora Estadilla"]
[BlackTeam "Palacio de Pioneros"]
[WhiteTeamCountry "ESP"]
[BlackTeamCountry "ESP"]

1. d4 g6 2. c4 Nf6 3. Nc3 Bg7 4. g3 0-0 5. Bg2 d6 6. Nf3 Nc6 7. 0-0 a6 8. Bg5 h6 9. Bxf6 Bxf6 10. Qd2 Bg7 11. Rad1 Rb8 12. a4 Bg4 13. h3 Bxf3 14. Bxf3 Nxd4 15. Bg2 a5 16. e3 Nb3 17. Qc2 Nc5 18. Nd5 c6 19. Nf4 Qb6 20. Rb1 Rfd8 21. b3 e6 22. Nd3 Na6 23. Rfd1 Rbc8 24. Rdc1 Rc7 25. c5 dxc5 26. Nxc5 Nb4 27. Qc4 Bf8 28. Ne4 Be7 29. Qe2 Rcd7 30. Rd1 Nd5 31. Rdc1 Nb4 32. Qf3 f5 33. Nc3 Bf6 34. g4 Nd3 35. Rc2 Qb4 36. Na2 Qe7 37. gxf5 exf5 38. Bf1 Ne5 39. Qg2 Rd2 40. Rbc1 Bh4 41. Nc3 Bxf2+ 42. Kh1 Bxe3 43. Bc4+ Kh7 44. Ne2 Rxc2 45. Rxc2 Rd1+ 46. Kh2 Ng4+ 47. Kg3 Qe5+ 0-1

[Event "Aragon-chT Honor Descenso"]
[Site "Aragon"]
[Date "2019.03.23"]
[Round "9.28"]
[White "Arpa Pardo, Emilio"]
[Black "Fuentes Espuna, Juan Antonio"]
[Result "1/2-1/2"]
[WhiteElo "1900"]
[BlackElo "1948"]
[PlyCount "145"]
[EventDate "2019.03.16"]
[EventType "team-tourn"]
[EventRounds "10"]
[EventCountry "ESP"]
[SourceTitle "EXT 2020"]
[Source "ChessBase"]
[SourceDate "2019.10.17"]
[SourceVersion "1"]
[SourceVersionDate "2019.10.17"]
[SourceQuality "1"]
[WhiteTeam "Teruel"]
[BlackTeam "La Aurora Estadilla"]
[WhiteTeamCountry "ESP"]
[BlackTeamCountry "ESP"]

1. d4 e6 2. c4 d5 3. Nc3 Nf6 4. Bg5 Be7 5. e3 0-0 6. Nf3 c6 7. Bd3 Nbd7 8. 0-0 dxc4 9. Bxc4 Nb6 10. Bd3 h6 11. Bh4 Nbd5 12. Rc1 Nxc3 13. Rxc3 Nd5 14. Bxe7 Nxc3 15. Bxd8 Nxd1 16. Be7 Nxb2 17. Bh7+ Kxh7 18. Bxf8 Nc4 19. Ne5 Nxe5 20. dxe5 b6 21. Rd1 Ba6 22. Be7 c5 23. Rd7 Bc4 24. a3 Kg6 25. g4 Bd5 26. f4 c4 27. f5+ Kh7 28. Bb4 Kg8 29. Rc7 a5 30. Bd6 b5 31. Kf2 b4 32. axb4 a4 33. Bc5 a3 34. Bd4 a2 35. Ba1 Ra3 36. e4 Bxe4 37. Rxc4 exf5 38. Rc8+ Kh7 39. Rc7 Bd5 40. e6 Bxe6 41. gxf5 Bd5 42. Rc5 Rf3+ 43. Ke2 Rxf5 44. Ke3 Rf1 45. Bb2 Be6 46. Ra5 Rh1 47. b5 Rxh2 48. Be5 Rh3+ 49. Kd4 Rb3 50. Kc5 f6 51. Bd4 h5 52. Ra6 Bf5 53. Rxa2 Bd3 54. b6 Be4 55. Ra7 Kg6 56. Kc4 Rb1 57. Re7 Bf3 58. Re3 Bb7 59. Re7 Bh1 60. Bc5 h4 61. Bb4 h3 62. Re3 Bg2 63. Rg3+ Kf7 64. Rxh3 Rc1+ 65. Rc3 Rxc3+ 66. Bxc3 Ke6 67. Kd4 g5 68. Ke3 f5 69. Kf2 Bb7 70. Kg3 Kf7 71. Bd2 Kg6 72. Be3 Kf6 73. Bd4+ 1/2-1/2

[Event "Aragon-chT Preferente Gr I "]
[Site "Aragon"]
[Date "2018.01.27"]
[Round "1.50"]
[White "Rodriguez Aranda, Kevin"]
[Black "Fuentes Espuna, Juan Antonio"]
[Result "0-1"]
[WhiteElo "1734"]
[BlackElo "1958"]
[PlyCount "98"]
[EventDate "2018.01.27"]
[EventType "team-tourn"]
[EventRounds "9"]
[EventCountry "ESP"]
[SourceTitle "EXT 2019"]
[Source "ChessBase"]
[SourceDate "2018.10.10"]
[SourceVersion "1"]
[SourceVersionDate "2018.10.10"]
[SourceQuality "1"]
[WhiteTeam "Monzon II"]
[BlackTeam "La Aurora Estadilla"]
[WhiteTeamCountry "ESP"]
[BlackTeamCountry "ESP"]

1. e4 c5 2. Nf3 Nc6 3. d4 cxd4 4. Nxd4 g6 5. c4 Bg7 6. Be3 Nf6 7. Nc3 0-0 8. Be2 d6 9. 0-0 Nxd4 10. Bxd4 Be6 11. e5 dxe5 12. Bxe5 Qa5 13. Nb5 Rac8 14. Bc3 Qa6 15. c5 Rxc5 16. Nd4 Qb6 17. Nxe6 Qxe6 18. Re1 Qc8 19. Bf3 Re8 20. Qa4 e5 21. Qxa7 Nd5 22. Bxd5 Rxd5 23. Rac1 Qd7 24. Rc2 Bf8 25. Qe3 Bc5 26. Qe4 b5 27. b4 Bd4 28. g4 Bxc3 29. Rxc3 Rd4 30. Qe3 Rxg4+ 31. Kh1 Rxb4 32. Qc5 Qb7+ 33. f3 Rc4 34. Rxe5 Rxc5 35. Rxe8+ Kg7 36. Rxc5 Qxf3+ 37. Kg1 Qd1+ 38. Kg2 Qd2+ 39. Kh1 Qxa2 40. Ree5 b4 41. Rb5 b3 42. Re7 Qb1+ 43. Kg2 Qc2+ 44. Kg1 Qd1+ 45. Kf2 Qd4+ 46. Kg2 Qg4+ 47. Kf2 Qf4+ 48. Kg2 Qg4+ 49. Kf2 Qh4+ 0-1

[Event "Aragon-chT Honor GrA"]
[Site "Aragon"]
[Date "2017.01.28"]
[Round "1.8"]
[White "Sanchez Castro, Roberto"]
[Black "Fuentes Espuna, Juan Antonio"]
[Result "0-1"]
[WhiteElo "1978"]
[BlackElo "1962"]
[PlyCount "104"]
[EventDate "2017.01.28"]
[EventType "team-tourn"]
[EventRounds "7"]
[EventCountry "ESP"]
[SourceTitle "EXT 2018"]
[Source "ChessBase"]
[SourceDate "2017.10.13"]
[SourceVersion "1"]
[SourceVersionDate "2017.10.13"]
[SourceQuality "1"]
[WhiteTeam "IberCaja"]
[BlackTeam "La Aurora Estadilla"]
[WhiteTeamCountry "ESP"]
[BlackTeamCountry "ESP"]

1. e4 c5 2. Nf3 Nc6 3. d3 g6 4. g3 Bg7 5. Bg2 d6 6. c3 Nf6 7. Nbd2 0-0 8. 0-0 Bg4 9. h3 Bd7 10. Kh2 Qc7 11. Qc2 Rac8 12. Ng1 b5 13. Ne2 Qb8 14. f4 e6 15. g4 d5 16. Ng3 d4 17. g5 Ne8 18. c4 Nb4 19. Qb1 a6 20. b3 f6 21. gxf6 Nxf6 22. e5 Ne8 23. a3 Nc6 24. Nge4 Ne7 25. Nf3 Nf5 26. Re1 Qb6 27. Qc2 Bh6 28. Nfg5 Bxg5 29. fxg5 Bc6 30. Nf6+ Nxf6 31. gxf6 Bxg2 32. Qxg2 Qc6 33. Qe4 Kf7 34. Ra2 Rg8 35. Rg2 h6 36. Rg4 g5 37. Qxc6 Rxc6 38. Re2 bxc4 39. bxc4 Rb6 40. Rg1 Rb3 41. Rd1 Rgb8 42. Ra2 Rb1 43. Re1 Ne3 44. Bd2 Nf1+ 45. Rxf1 Rxf1 46. Kg2 Rfb1 47. Kf3 R8b2 48. Rxb2 Rxb2 49. Ba5 Rh2 50. Bb6 Rxh3+ 51. Ke2 Re3+ 52. Kd2 Rxe5 0-1

[Event "Aragon-chT Preferente A"]
[Site "Aragon"]
[Date "2014.01.25"]
[Round "1.46"]
[White "Gella Bitrian, Diego"]
[Black "Fuentes Espuna, Juan Antonio"]
[Result "1-0"]
[WhiteElo "2054"]
[BlackElo "1920"]
[PlyCount "117"]
[EventDate "2014.01.25"]
[EventType "team-tourn"]
[EventRounds "9"]
[EventCountry "ESP"]
[SourceTitle "EXT 2015"]
[Source "ChessBase"]
[SourceDate "2014.11.20"]
[SourceVersion "1"]
[SourceVersionDate "2014.11.20"]
[SourceQuality "1"]
[WhiteTeam "Pedro Cerbuna"]
[BlackTeam "La Aurora Estadilla II"]
[WhiteTeamCountry "ESP"]
[BlackTeamCountry "ESP"]

1. e4 c5 2. Nf3 g6 3. d4 Bg7 4. dxc5 Qa5+ 5. c3 Qxc5 6. Be3 Qc7 7. Be2 Nc6 8. 0-0 Nf6 9. Qd3 0-0 10. Na3 a6 11. Nc4 b5 12. Nb6 Rb8 13. Nxc8 Rfxc8 14. Rac1 Rd8 15. Bd4 e5 16. Be3 d5 17. Qc2 Nxe4 18. Rfd1 Nf6 19. Bg5 Rd7 20. Bh4 Ne4 21. a4 h6 22. axb5 axb5 23. Qb3 g5 24. Bg3 Nxg3 25. hxg3 Na5 26. Qb4 f5 27. Ra1 Nc4 28. Ra6 Bf8 29. Qb3 Rd6 30. Ra2 Rdd8 31. Qc2 e4 32. Nd4 Qd7 33. Rda1 Bc5 34. b3 Nd6 35. Qd2 b4 36. Nc2 Nf7 37. Nxb4 Bxb4 38. cxb4 Rb7 39. Qd4 Qe6 40. Ra6 Rd6 41. Ra8+ Kh7 42. Rc1 Rd8 43. Ra6 Qd7 44. b5 f4 45. Rcc6 fxg3 46. fxg3 Ne5 47. Re6 Qg7 48. Qxe5 Qxe5 49. Rxe5 d4 50. Rxe4 d3 51. Bd1 Rxb5 52. Kf2 Rd7 53. Raa4 Rc5 54. Rad4 Rf7+ 55. Ke3 Rf1 56. Rxd3 Rc8 57. Bf3 g4 58. Rxg4 Re1+ 59. Kd2 1-0